| 000 | 00368nam a2200133 4500 | ||
|---|---|---|---|
| 999 |
_c7811 _d7811 |
||
| 003 | OSt | ||
| 005 | 20200521153635.0 | ||
| 008 | 200521b ||||| |||| 00| 0 eng d | ||
| 020 | _a9781859465752 | ||
| 082 | _a727MIR | ||
| 245 |
_aFuture Schools _bInnovative Design for Existing and New Buildings |
||
| 260 |
_aGreat Britain _bRIBA Publishing _c July 25, 2019 |
||
| 942 | _2ddc | ||